<?xml version="1.0" encoding="UTF-8"?>
<record
    xmlns:xsi="http://www.w3.org/2001/XMLSchema-instance"
    xsi:schemaLocation="http://www.loc.gov/MARC21/slim http://www.loc.gov/standards/marcxml/schema/MARC21slim.xsd"
    xmlns="http://www.loc.gov/MARC21/slim">

  <leader>01354nam a2200229Ia 4500</leader>
  <datafield tag="952" ind1=" " ind2=" ">
    <subfield code="0">0</subfield>
    <subfield code="1">0</subfield>
    <subfield code="4">0</subfield>
    <subfield code="7">0</subfield>
    <subfield code="a">11</subfield>
    <subfield code="b">11</subfield>
    <subfield code="d">2010-07-21</subfield>
    <subfield code="l">5</subfield>
    <subfield code="o">BF724 B34 2008</subfield>
    <subfield code="p">11 008856</subfield>
    <subfield code="r">2017-11-27</subfield>
    <subfield code="s">2017-11-27</subfield>
    <subfield code="t">1</subfield>
    <subfield code="w">2012-06-26</subfield>
    <subfield code="y">LB</subfield>
  </datafield>
  <datafield tag="952" ind1=" " ind2=" ">
    <subfield code="0">0</subfield>
    <subfield code="1">0</subfield>
    <subfield code="4">0</subfield>
    <subfield code="7">0</subfield>
    <subfield code="a">11</subfield>
    <subfield code="b">11</subfield>
    <subfield code="d">2010-10-15</subfield>
    <subfield code="l">6</subfield>
    <subfield code="o">BF724 B34 2008</subfield>
    <subfield code="p">11 009030</subfield>
    <subfield code="r">2017-07-20</subfield>
    <subfield code="s">2017-07-20</subfield>
    <subfield code="t">2</subfield>
    <subfield code="w">2012-06-26</subfield>
    <subfield code="y">LB</subfield>
  </datafield>
  <datafield tag="999" ind1=" " ind2=" ">
    <subfield code="c">70155</subfield>
    <subfield code="d">70155</subfield>
  </datafield>
  <controlfield tag="008">190910b2008    mx  |||| |||| 00| 0 spa d</controlfield>
  <datafield tag="020" ind1=" " ind2=" ">
    <subfield code="a">9789688609248</subfield>
  </datafield>
  <datafield tag="050" ind1=" " ind2=" ">
    <subfield code="a">BF724 </subfield>
    <subfield code="b">B34 2008</subfield>
  </datafield>
  <datafield tag="100" ind1="1" ind2=" ">
    <subfield code="a">Barocio, Rosa</subfield>
    <subfield code="e"> , autor </subfield>
  </datafield>
  <datafield tag="245" ind1=" " ind2=" ">
    <subfield code="a">Disciplina con amor para adolescentes </subfield>
    <subfield code="b">: gu&#xED;a para llevarte bien con tu adolescente </subfield>
    <subfield code="c">/ Barocio, Rosa </subfield>
  </datafield>
  <datafield tag="260" ind1=" " ind2=" ">
    <subfield code="a">M&#xE9;xico </subfield>
    <subfield code="b">: Pax</subfield>
    <subfield code="c">, 2008 </subfield>
  </datafield>
  <datafield tag="300" ind1=" " ind2=" ">
    <subfield code="a">xii, 210 p&#xE1;ginas </subfield>
  </datafield>
  <datafield tag="490" ind1=" " ind2=" ">
    <subfield code="a">El despertar de la conciencia </subfield>
  </datafield>
  <datafield tag="500" ind1=" " ind2=" ">
    <subfield code="a">Incluye: &#xCD;ndice, Introducci&#xF3;n (pp. vii - xii), Conclusi&#xF3;n (pp. 205 - 206), Compendio de afirmaciones (pp. 207 - 208), Acerca de la autora (p. 211)</subfield>
  </datafield>
  <datafield tag="504" ind1=" " ind2=" ">
    <subfield code="a">Bibliograf&#xED;a (pp. 209 - 210)</subfield>
  </datafield>
  <datafield tag="505" ind1=" " ind2=" ">
    <subfield code="a">&#xBF;Socorro!&#xA1;Me cambiaron a mi hija! 
&#xBF;Qu&#xE9; me esta pasando?&#xA1;No reconozco mi cuerpo!  
&#xA1;B&#xE1;jenme de esta monta&#xF1;a rusa!  
&#xA1;Me sacas de quicio, hijo!  
&#xA1;Auxilio, mi adolescente est&#xE1; enojado!  
Aqu&#xED; d&#xE9;jame, no quiero que me vean llegar con mi padre  
Crecer significa responsabilizarte de tu vida  
Las adicciones en la adolescencia  
Veinte cosas de los adultos que m&#xE1;s molestan y que m&#xE1;s gustan a los adolescentes  
Alas para volar: los sue&#xF1;os del adolescente  </subfield>
  </datafield>
  <datafield tag="519" ind1=" " ind2=" ">
    <subfield code="a">Material Complementario /</subfield>
    <subfield code="d">(11 008856)</subfield>
  </datafield>
  <datafield tag="650" ind1=" " ind2="0">
    <subfield code="a">PSICOLOG&#xCD;A DEL ADOLESCENTE  </subfield>
  </datafield>
  <datafield tag="650" ind1=" " ind2="0">
    <subfield code="a">EDUCACI&#xD3;N EN EL HOGAR</subfield>
  </datafield>
  <datafield tag="650" ind1=" " ind2="0">
    <subfield code="a">PADRES Y ADOLESCENTES </subfield>
  </datafield>
  <datafield tag="942" ind1=" " ind2=" ">
    <subfield code="c">LB</subfield>
  </datafield>
</record>
